000 00622nam a22002172 4500
001 0000005332
005 20151217152002.0
008 070611s xx 000 0 eng d
020 _a0764541315 :
_cKES 4,100
040 _aKABU
_cKABU
050 0 _aZ52.5
_b.M52S56
100 1 _aSimon, Jinjer.
_@0000156575
245 1 0 _aMicrosoft Word 2003 :
_btop 100 simplified tips and tricks.
260 _aHoboken, NJ :
_bWiley,
_c2003.
300 _a227 p.
650 0 _aMicrosoft Word.
_@0000156574
650 0 _aWord processing.
_@0000156570
908 _a070611
950 _@1
999 _c7008
_d7008